Guess the SCP Quiz - Statistics

General Stats
  • This quiz has been taken 112 times
  • The average score is 12 of 25
Answer Stats
Hint Answer % Correct
Tall, skinny creature who kills anyone that sees its face. SCP-096
99%
Large sculpture that snaps your neck when you look away. SCP-173
97%
An orange blob that can make anyone happy. SCP-999
97%
Humanoid, inky creature that can phase through walls. SCP-106
73%
A large lizard that hates all life. SCP-682
73%
A mask that possesses its wearer. SCP-035
71%
Room which can turn you into flesh furniture. SCP-002
69%
An Ikea filled with no exits, and hateful employees. SCP-3008
65%
A pill that can cure various diseases. SCP-500
59%
A key which can unlock any door. SCP-005
57%
Machine which can drastically change items put into it. SCP-914
57%
Gas mask that when worn, transports wearer to another world. SCP-1499
49%
An entity that wipes the memory of itself from anyone who sees it. SCP-055
41%
A stack of papers that creates a new SCP when read. SCP-001
39%
Ice that when touched, turns you into it. SCP-009
37%
A book that gives the reader the disease listed on the page. SCP-1025
37%
Two one eyed creatures that love to follow you around. SCP-131
33%
4 Creatures that can only be seen with Night Vision Goggles. SCP-966
33%
A cowbell that summons a creature to stalk you for eternity. SCP-513
32%
Creature that is always in the corner of your eye. SCP-372
29%
A bottle of water that never runs out of water. SCP-109
20%
Two lamps that project invisible creatures, which can kill you. SCP-205
20%
If you look at it, you die in exactly one year. SCP-023
17%
A tape of Ronald Reagan slowly getting more beat up while talking. SCP-1981
15%
A toy monkey that wishes you a happy birthday. SCP-983
11%
No matching quizzes found
Score Distribution
Percent of People with Each Score
Percentile by Number Answered
Your Score History
You have not taken this quiz